000 00935nam a22002655i 4500
001 176784
003 ES-MaACL
005 20230906220200.0
008 110209s1970 sp |||| | spa d
080 _a27-246
080 _a27-248.3
100 0 _aGnilka, Joachim.
_9145125
245 1 0 _aCarta a los colosenses /
_cFranz Mussner. Carta a Filemón / [Alois Stöger ; versión castellana de J. Mª Querol].
260 _aBarcelona :
_bHerder,
_c1970.
300 _a156 p. ;
_c20 cm.
490 1 _aEl Nuevo Testamento y su mensaje ;
_v11
500 _aTít. tomados de la cub.
630 0 4 _aBiblia.
_pN. T.
_pColosenses-
_vComentarios.
_9145128
630 0 4 _aBiblia.
_pN. T.
_pFilemón-
_vComentarios.
_9145129
700 1 _aStöger, Alois.
_9145115
700 0 _aQuerol, José María.
_994544
830 0 _aEl Nuevo Testamento y su mensaje ;
_v11
_9190229
852 _aES-MaACL
_jE-14259
_xOlim P-1830
999 _c176784
_d176784